General studies (Paper-II) civil services (Mains) examination : (Record no. 91147)
[ view plain ]
| 000 -LEADER | |
|---|---|
| fixed length control field | 00673nam a22001937a 4500 |
| 005 - DATE AND TIME OF LATEST TRANSACTION | |
| control field | 20250806144318.0 |
| 010 ## - LCCN (DPL NO) | |
| LC control number | ENG-146420 |
| 020 ## - INTERNATIONAL STANDARD BOOK NUMBER | |
| International Standard Book Number | 9789351433194 |
| Terms of availability | 964.00 |
| 035 ## - SYSTEM CONTROL NUMBER | |
| System control number | EN-129952 |
| 037 ## - SOURCE OF ACQUISITION | |
| Source of stock number/acquisition | DBAD/PUB |
| 037 ## - SOURCE OF ACQUISITION | |
| Source of stock number/acquisition | DBAD |
| 082 ## - DEWEY DECIMAL CLASSIFICATION NUMBER | |
| Classification number | 000 |
| 245 ## - TITLE STATEMENT | |
| Title | General studies (Paper-II) civil services (Mains) examination : |
| Remainder of title | Goverance,constitution, polity, social justice and international relations / |
| 260 ## - PUBLICATION, DISTRIBUTION, ETC. (IMPRINT) | |
| Place of publication, distribution, etc | Gurgaon |
| Name of publisher, distributor, etc | LexisNexis |
| Date of publication, distribution, etc | 2015 |
| 270 ## - ADDRESS | |
| Address | 14th Floor, Bldg. No.10, Tower-B, DLF Cyber City, Phase-II |
| City | Gurgaon |
| Postal code | 122002 |
| 300 ## - PHYSICAL DESCRIPTION | |
| Extent | various pagings |
| Other physical details | 22cm(pbk) |
| 490 ## - SERIES STATEMENT | |
| Series statement | CATAPULT test prep series |
| 942 ## - ADDED ENTRY ELEMENTS (KOHA) | |
| Source of classification or shelving scheme | Dewey Decimal Classification |
| Item type | English Books |
| Call number suffix | GEN |
| Classification part | 000 |
| Withdrawn status | Lost status | Not for loan | Collection code | Home library | Current library | Date acquired | Source of acquisition | Cost, normal purchase price | Full call number | Barcode | Copy number | Cost, replacement price | Koha item type |
|---|---|---|---|---|---|---|---|---|---|---|---|---|---|
| Not For Loan | Non-fiction | D.B.Act.Division | D.B.Act.Division | 03/02/2015 | DBAD/PUB | 1099.00 | 000GEN | EN-95598 | 1 | 1099.00 | English Books | ||
| Non-fiction | Mobile Library | Mobile Library | 06/08/2025 | DBAD | 964.00 | GEN 000 | EN-129952 | 1 | 964.00 | English Books |
